| 000 | 00721cab a22002175a 4500 | ||
|---|---|---|---|
| 001 | L159911 | ||
| 008 | 150113e2018 xxk 000 0 eng d | ||
| 035 | _a(Sirsi) u159911 | ||
| 041 | 0 | _aeng | |
| 050 | _a698.2 $2 18 | ||
| 100 | 1 | _aCrofts, Sara | |
| 245 | 0 | 0 | _aRetrofit for the future |
| 260 |
_aLondon _bRICS _c2018 |
||
| 490 |
_aRICS Building Surveying Journal _vMarch - April 2018, 33(1) |
||
| 520 | _aExplains why the Heritage Lottery Fund has revised guidance on sustainability to ensure that good practice is followed by all grant recipients. | ||
| 650 | 2 | 4 | _aHERITAGE LOTTERY FUND |
| 650 | 2 | 4 |
_aSustainability _96271 |
| 651 | 4 | _aUnited Kingdom | |
| 690 | _aConservation and restoration | ||
| 942 |
_n0 _2ddc |
||
| 999 |
_c85062 _d85062 |
||